000
00350nam a2200145Ia 4500
008
230718s9999 xx 000 0 und d
041
_a
Eng.
082
_a
3425491
_b
CHI-L
100
_a
Chief executive's order
245
0
_a
Legal Frame work evidence
260
_a
Pakistan
_b
Pakistan Law House
_c
2002
300
_a
"
650
_a
Law
999
_c
28429
_d
28429